| 000 -ლიდერი |
| ფიქსირებული სიგრძის საკონტროლო ველი |
02276nam a2200301Ia 4500 |
| 001 - საკონტროლო ნომერი |
| საკონტროლო ველი |
17938 |
| 003 - საკონტროლო ნომრის იდენტიფიკატორი |
| საკონტროლო ველი |
GE_BSU |
| 005 - ბოლო ოპერაციის თარიღი და დრო |
| საკონტროლო ველი |
20200228162449.0 |
| 008 - ფიქსირებული სიგრძის მონაცემთა ელემენტები - ზოგადი ინფორმაცია |
| ფიქსირებული სიგრძის საკონტროლო ველი |
181216s2014ge xx |||||||||||||| ||geo|| |
| 020 ## - წიგნის საერთაშორისო სტანდარტული ნომერი |
| International Standard Book Number |
978-9941-0-7314-4 |
| 040 ## - კატალოგიზაციის წყარო |
| Transcribing agency |
GE_BSU |
| 041 ## - ენის კოდი |
| Language code of text/sound track or separate title |
geo |
| 080 ## - უნივერსალური ათობითი კლასიფიკაციის ინდექსი |
| Universal Decimal Classification number |
726:27-523.6(=353.1)(564.3) + 902.2(=353.1)(564.3) გ-14 |
| 100 ## - მთავარი ჩანაწერი - პიროვნების სახელი |
| Personal name |
გაგოშიძე, იულონ. |
| 9 (RLIN) |
1940 |
| 245 ## - ცნობა სათაურის შესახებ |
| Title |
ღალია : ქართველთა მონასტერი კვიპროსზე = Gialia : Georgian monastery on Cyprus / |
| Statement of responsibility, etc |
იულონ გაგოშიძე ; დავით მინდორაშვილი ; გიორგი გაგოშიძე ; რედ. ქეთევან ქურდოვანიძე ; მთარგმნ. ნინო გაბუნია ; ინგლ. ენის რედ. ნანა კაჭაბავა ; დიზაინი გეგა პაქსაშვილი. |
| 264 ## - წარმოების, გამოცემის, დისტრიბუციის და სხვა ცნობები |
| გამოცემის, წარმოების, დისტრიბუციის... ადგილი |
თბილისი : |
| გამოცემის, წარმოების, დისტრიბუციის... სახელწოდება |
შპს "სეზანი, |
| გამოცემის, წარმოების, დისტრიბუციის... თარიღი |
2014. |
| 300 ## - ფიზიკური აღწერა |
| Extent |
204 გვ. : . ; |
| Other physical details |
ნახ. LXIX ტაბ. ; |
| Dimensions |
28 სმ. |
| 500 ## - ზოგადი შენიშვნა |
| General note |
გარეკანზე ავტ. აღნიშნულნი არ არიან. წიგნი ეძღვნება ღალიის მონასტრის პირველი მკვლევრის ვახტანგ ჯობაძის ხსოვნას. |
| 546 ## - LANGUAGE NOTE |
| Language note |
გარეკანი, თავფურ. და ტექსტი ქართ. და ინგლ. |
| 653 ## - INDEX TERM--UNCONTROLLED |
| Uncontrolled term |
არქეოლოგიური გათხრები კვიპროსზე |
| 653 ## - INDEX TERM--UNCONTROLLED |
| Uncontrolled term |
ქართველთა მონასტერი კვიპროსზე |
| 653 ## - INDEX TERM--UNCONTROLLED |
| Uncontrolled term |
ღალია |
| 700 ## - ADDED ENTRY--PERSONAL NAME |
| Personal name |
ქურდოვანიძე, ქეთევან |
| Relator term |
რედაქტორი |
| 9 (RLIN) |
5059 |
| 700 ## - ADDED ENTRY--PERSONAL NAME |
| Personal name |
გაბუნია, ნინო |
| Relator term |
მთარგმნელი |
| 9 (RLIN) |
7649 |
| 700 ## - ADDED ENTRY--PERSONAL NAME |
| Personal name |
კაჭაბავა, ნანა |
| Relator term |
ინგლისური ენის რედაქტორი |
| 9 (RLIN) |
7650 |
| 700 ## - ADDED ENTRY--PERSONAL NAME |
| Personal name |
პაქსაშვილი, გეგა |
| Relator term |
დიზაინერი |
| 9 (RLIN) |
7651 |
| 942 ## - ADDED ENTRY ELEMENTS (KOHA) |
| Koha item type |
წიგნი |
| Source of classification or shelving scheme |
|